000 01771nam a2200241Ia 4500
008 260220t1969||||xx |||||||||||||| ||spa||
040 _aPY-SlUNAC
_bspa
_erda
041 _aspa
082 _a510.7
_bM327d
100 _aMaraval Casesnoves, Dario
_eAutor
245 0 _aDidáctica y dialéctica matemáticas /
_cpor Dario Maraval Casesnoves [Autor]
264 _aMadrid :
_bDossat,
_c℗1969.
300 _a1 volumen
520 _aEn "Didáctica y dialéctica matemáticas", Dario Maraval Casesnoves presenta un análisis profundo sobre la enseñanza de las matemáticas, enfatizando la importancia de la dialéctica en el proceso educativo. El autor argumenta que la didáctica matemática no debe limitarse a la transmisión de conocimientos, sino que debe fomentar un ambiente de diálogo crítico que permita a los estudiantes construir su propio entendimiento. A través de una serie de ejemplos y propuestas metodológicas, Maraval Casesnoves explora cómo la interacción entre docente y alumno puede enriquecer el aprendizaje, promoviendo un enfoque más dinámico y participativo. Asimismo, el libro aborda la relación entre teoría y práctica, sugiriendo que la comprensión de los conceptos matemáticos se ve favorecida por un enfoque reflexivo y contextualizado. En definitiva, esta obra se erige como un recurso valioso para educadores que buscan innovar en sus prácticas y mejorar la enseñanza de las matemáticas, destacando la necesidad de integrar la reflexión crítica en el aula.
653 _aDidáctica
653 _aMatemáticas
653 _aMétodos de enseñanza
942 _b2026/02/17
_cBK
999 _c7391
_d7391